000 01493cab a2200313 4500
001 A365
008 090401t1992 xxu||||| |||| 00| 0 eng d
035 _a(Sirsi) u28722
041 _aeng
100 _aHsiang-te, Kung
245 _aImpact of power transmission lines on property values: a case study
260 _c1992
350 _a0
490 _aAppraisal Journal
_v60(3) July 1992, 413-418(6)
520 _aStudies have been conducted in an attempt to link electromagnetic radiation to some forms of cancer and other health risks. Each study has produced differing levels of evidence as to the validity of this theory. This research project endeavours to analyse the impact of power transmission lines on residential property values and the marketability of real estate in two US locations. Public knowledge of a possible connection between electromagnetic radiation and health risks such as cancer would probably have a profound effect on the real estate market for homes located in close proximity to power transmission lines. References. Journal abstract.
650 _aELECTRICITY
650 _aELECTROMAGNETIC FIELDS
650 _aELECTROMAGNETIC RADIATION
650 _aHEALTH HAZARDS
650 _aPOWER LINES
650 _aPROPERTY VALUES
650 _aUNITED STATES
690 _aENVIRONMENTAL AND LAND CONSULTANCY
690 _aOVERSEAS-NORTH AMERICA
690 _aRATING AND VALUATION
700 _aSeagle, C.F.
942 _n0
948 _c04/03/1997
999 _c19313
_d19313